000
00510nam a2200133Ia 4500
008
100328s9999 xx 000 0 und d
082
_b
11801
100
_a
पाटगावकर चंद्रकांत
245
_a
प्रकाशयात्री जयप्रकाश
260
_b
अजब पुस्तकालय
630
_a
प्रकाशयात्री जयप्रकाश
730
_a
प्रकाशयात्री जयप्रकाश
942
_c
BOOK
999
_c
507111
_d
507108